| 000 | 00495nam a2200169Ia 4500 | ||
|---|---|---|---|
| 999 |
_c20515 _d20515 |
||
| 003 | OSt | ||
| 005 | 20200624105202.0 | ||
| 008 | 190216s9999||||xx |||||||||||||| ||und|| | ||
| 020 | _a8170333838 | ||
| 040 | _coclc | ||
| 082 |
_a954.035092 _bJAT/S |
||
| 100 |
_aJatava, D R _93161 |
||
| 245 | 0 |
_aSocial Philosophy Of B R Ambedkar / _cD R Jatava |
|
| 260 |
_bRawat Publications, _c1997. _aJaipur: |
||
| 300 | _a262p | ||
| 942 |
_cBK _2ddc _h954.035092 _iJAT/S _k954.035092 _mJAT/S |
||